| 000 | 00774nam a2200193 a 4500 | ||
|---|---|---|---|
| 003 | 0 | ||
| 005 | 20250624083436.0 | ||
| 008 | 021118s19uu xx 00 eng d | ||
| 050 |
_aPHS BF 697 _b.J56 1999 |
||
| 100 | _aJimeno, Guia Niña L. | ||
| 245 |
_aLevel of self-concept of fourth year high school students of Southville International School : _bsy 1998-1999 / _cGuia Niña L. Jimeno. |
||
| 260 |
_aLas Piñas City, Philippines : _bSouthville International School and Colleges, _c1999. |
||
| 300 |
_aunnumbered pages ; _c28 cm. |
||
| 504 | _aIncludes bibliographical references. | ||
| 650 |
_aSelf-perception in adolescence _zPhilippines. |
||
| 650 |
_aSelf-esteem in adolescence _zPhilippines. |
||
| 650 |
_aSelf-concept in teenagers _zPhilippines. |
||
| 942 |
_2lcc _cPASS |
||
| 999 |
_c96228 _d96228 |
||